Clothes - English - Statystyki

Ogólne statystyki
  • Ten quiz został rozwiązany 5 razy
  • Średni wynik to 14 z 22
Statystyki odpowiedzi
Hint Odpowiedź % Poprawnych
dżinsy jeans
100%
skarpety socks
100%
koszulka t-shirt
100%
płaszcz coat/cloak
80%
sukienka dress
80%
kurtka jacket
80%
koszula shirt
80%
buty shoes
80%
spódnica skirt
80%
garnitur suit
80%
strój suit
80%
nosić wear
80%
buty zimowe boots
60%
majtki pants
60%
spodnie trousers
60%
bielizna underwear
60%
przebieralnia changing room
40%
dżins (materiał) denim
40%
szafa wardrobe
40%
ubrać się get dressed
20%
szatnia cloakroom
0%
dres tracksuit
0%
Nie znaleziono quizów pasujących do podanych kryteriów
Rozkład punktacji
Procent ludzi z każdym wynikiem
Percentyl według liczby udzielonych odpowiedzi
Twoja historia wyników
Nie rozwiązałeś tego quizu